000 01641nab a2200241 i 4500
003 BR-BrBNA
005 20250529130803.0
008 250529b2018 bl.qr|pooa||| 00| 0 por |
040 _aBR-BrBNA
_bpor
072 _aF70
100 _aMarquete, Ronaldo
100 _aZappi, Daniela C.
245 _aFlora das cangas da Serra dos Carajás, Pará, Brasil: Salicaceae
500 _aPublicação on-line; 10 ref.; 2 illus.; Summaries (En, Pt)
520 _a Resumo Este estudo compreende as espécies de Salicaceae que ocorrem sobre as cangas na Serra dos Carajás. Foram registrados dois gêneros para a família, Casearia e Ryania e um total de seis espécies. São apresentados chaves de identificação, descrições, comentários e ilustrações das espécies. Palavras-chave: Casearia, FLONA Carajás, Malpighiales, Ryania, taxonomia. Abstract The present study comprises the species of Salicaceae that grow on the iron-stone outcrops of the Serra dos Carajás. Two genera, Casearia e Ryania, and six species were recorded for this family. Identification keys, descriptions, comments and illustrations are presented. Key words: Casearia, FLONA Carajás, Malpighiales, Ryania, taxonomy
650 _aCASEARIA SYLVESTRIS
650 _aCARAJÁS
650 _aTAXONOMIA
773 0 _0709
_9350699
_dRio de Janeiro-RJ Jardim Botanico do Rio de Janeiro 1935
_o2025-3324
_tRodriguésia (Brazil)
_x0370-6583; 2175-7860 on-line
_gv. 69(1) p. 219-227; (2018)
_wBR2025001304
856 _uhttps://www.scielo.br/j/rod/a/GPF6jwsS77qRhbyJvwtQNwc/?format=pdf&lang=pt
942 _cANA
999 _c331797
_d331797